[Event "GER-ch U12 Girls"]
[Site "Willingen"]
[Date "2021.08.28"]
[Round "8"]
[White "Zhou, Jenny"]
[Black "Chandrasekhar, Ritu"]
[Result "0-1"]
[WhiteElo "1268"]
[BlackElo "1197"]
[PlyCount "116"]
[EventDate "2021.08.22"]
[EventType "swiss"]
[EventRounds "9"]
[EventCountry "GER"]
[SourceTitle "EXT 2022"]
[Source "ChessBase"]
[SourceDate "2021.10.06"]
[SourceVersion "1"]
[SourceVersionDate "2021.10.06"]
[SourceQuality "1"]

1. e4 e5 2. Nf3 Nc6 3. Bc4 Bc5 4. c3 Nf6 5. d4 exd4 6. e5 d5 7. Bb5 Ne4 8. cxd4 Bb4+ 9. Bd2 Nxd2 10. Nbxd2 Bd7 11. h3 Nxe5 12. Bxd7+ Nxd7 13. 0-0 0-0 14. a3 Bxd2 15. Qxd2 Qf6 16. Rfe1 Rfe8 17. Rad1 h6 18. Qa5 Rxe1+ 19. Rxe1 Nb6 20. Qc5 c6 21. Qe7 Qxe7 22. Rxe7 Rb8 23. b3 Kf8 24. Rc7 Ke8 25. Ne5 f6 26. Ng6 Nd7 27. Nf4 Ke7 28. Nxd5+ Kd6 29. b4 cxd5 30. Rc3 g5 31. g4 Nb6 32. Kg2 Na4 33. Rf3 Rf8 34. Kg3 Ke7 35. h4 Rf7 36. Re3+ Kd6 37. hxg5 hxg5 38. f4 Nb2 39. Re2 Nc4 40. a4 a5 41. b5 Re7 42. Rf2 Re3+ 43. Kg2 Ra3 44. fxg5 fxg5 45. Rf6+ Ke7 46. Rg6 Rxa4 47. Rxg5 Kf6 48. Rg8 Ra2+ 49. Kg3 a4 50. g5+ Kf5 51. Kh4 Rg2 52. Rf8+ Kg6 53. Rf6+ Kg7 54. Kh5 Rh2+ 55. Kg4 a3 56. Kg3 Rd2 57. Re6 a2 58. Re7+ Kg6 0-1

[Event "GER-ch U12 Girls"]
[Site "Willingen"]
[Date "2021.08.25"]
[Round "4"]
[White "Chandrasekhar, Ritu"]
[Black "Hesse, Sariana"]
[Result "1-0"]
[WhiteElo "1197"]
[BlackElo "997"]
[PlyCount "55"]
[EventDate "2021.08.22"]
[EventType "swiss"]
[EventRounds "9"]
[EventCountry "GER"]
[SourceTitle "EXT 2022"]
[Source "ChessBase"]
[SourceDate "2021.10.06"]
[SourceVersion "1"]
[SourceVersionDate "2021.10.06"]
[SourceQuality "1"]

1. e4 e5 2. Nf3 Nc6 3. Bc4 Bc5 4. 0-0 Nf6 5. d3 d6 6. h3 a6 7. c3 Ba7 8. Nbd2 0-0 9. Re1 Ne7 10. Nf1 Ng6 11. Ng3 Nf4 12. Bxf4 exf4 13. Ne2 Nh5 14. Qd2 Ng3 15. Qxf4 Nxe2+ 16. Rxe2 Bd7 17. Ng5 Be6 18. Nxe6 fxe6 19. Bxe6+ Kh8 20. Qg4 Rf6 21. d4 Qf8 22. Bf5 d5 23. Be6 Rf4 24. Qg3 dxe4 25. Bd5 Re8 26. Rae1 c5 27. Rxe4 cxd4 28. Rxe8 1-0